00402nam a2200193Ia 4500003000900000008004100009040001300050040001300063041000800076100001600084100000800100245003300108250001100141260002000152260000900172300001100181300001000192490000600202IT-RoPAU120407s9999 xx 000 0 und d aIT-RoPAU cIT-RoPAU aita aF. M. Braun cop. aIl Vangelo e il nostro tempo aMilano aVita e Pensiero c1940 a152 p. c19 cm v1